Logo biblioteca
Santa Fe 2917, Rosario, Santa Fe
Lu-Vi 8 a 19.45
+54-341-4232362
bibliotecaeudoro@gmail.com
Facebook Biblioteca Pedagógica
Sitio web
Vista normal Vista MARC
  • Gaultier, Paul

Entrada Nombre personal

Número de registros utilizados en: 1

001 - NÚMERO DE CONTROL

  • campo de control: 30506

003 - IDENTIFICADOR DEL NÚMERO DE CONTROL

  • campo de control: AR-RoBPED

005 - FECHA Y HORA DE LA ÚLTIMA TRANSACCIÓN

  • campo de control: 20251219161231.0

008 - DATOS DE LONGITUD FIJA

  • campo de control de longitud fija: 900725s1921 fr fre

016 7# - NÚMERO DE CONTROL DE UNA AGENCIA BIBLIOGRÁFICA NACIONAL

  • Número de control del registro: bimoBNE19981608678
  • Número de control cancelado o inválido: IND9200352501
  • Fuente: SpMaBN

035 ## - NÚMERO DE CONTROL DEL SISTEMA

  • Número de control de sistema: (OCoLC)431961583

035 ## - NÚMERO DE CONTROL DEL SISTEMA

  • Número de control de sistema: (SpMaBN)bimo0000915989

040 ## - FUENTE DE LA CATALOGACIÓN

  • Centro catalogador/agencia de origen: SpMaBN
  • Lengua de catalogación: spa
  • Centro/agencia transcriptor: A2

100 1# - ENCABEZAMIENTO-NOMBRE DE PERSONA

  • Nombre de persona: Gaultier, Paul
  • Fechas asociadas al nombre: 1872-1960

260 ## - REFERENCIA COMPLEJA DE VÉASE--MATERIA

  • Encabezamiento referido a: París